[Event "BL2-Sued 2223"]
[Site "Germany"]
[Date "2023.02.26"]
[Round "8.2"]
[White "Shneider, Aleksandr"]
[Black "Horvath, Adam"]
[Result "1/2-1/2"]
[WhiteElo "2504"]
[BlackElo "2511"]
[PlyCount "81"]
[EventDate "2022.10.22"]
[EventType "team-tourn"]
[EventRounds "9"]
[EventCountry "GER"]
[SourceTitle "EXT 2024"]
[Source "ChessBase"]
[SourceDate "2023.10.10"]
[SourceVersion "1"]
[SourceVersionDate "2023.10.10"]
[SourceQuality "1"]
[WhiteTeam "Hofheim"]
[BlackTeam "Speyer Schwegenheim"]
[WhiteTeamCountry "GER"]
[BlackTeamCountry "GER"]

1. d4 Nf6 2. c4 e6 3. Nf3 Bb4+ 4. Bd2 Bxd2+ 5. Qxd2 d5 6. Nc3 0-0 7. e3 Qe7 8. cxd5 exd5 9. Bd3 b6 10. 0-0 c5 11. b3 Nc6 12. Bb5 Bb7 13. Rac1 Rac8 14. Rfd1 Rfd8 15. Qb2 h6 16. Bf1 Kf8 17. dxc5 bxc5 18. Na4 Nb8 19. Qe5 Nbd7 20. Qxe7+ Kxe7 21. Ne1 Rc7 22. Rc2 Rdc8 23. Rdc1 Ne4 24. Bb5 Nb6 25. Nxb6 axb6 26. Be2 Ra8 27. a4 g5 28. f3 Nd6 29. Kf2 f6 30. Nd3 Rcc8 31. h4 c4 32. bxc4 Rxc4 33. hxg5 hxg5 34. Rb2 Rxc1 35. Nxc1 Nc8 36. Bb5 Nd6 37. Bd3 Ba6 38. Rxb6 Bxd3 39. Nxd3 Rxa4 40. Nb4 Ke6 41. Nd3 1/2-1/2

[Event "BL2-Sued 2223"]
[Site "Germany"]
[Date "2023.02.04"]
[Round "5.2"]
[White "Shneider, Aleksandr"]
[Black "Baenziger, Fabian"]
[Result "1/2-1/2"]
[WhiteElo "2504"]
[BlackElo "2439"]
[PlyCount "58"]
[EventDate "2022.10.22"]
[EventType "team-tourn"]
[EventRounds "9"]
[EventCountry "GER"]
[SourceTitle "EXT 2024"]
[Source "ChessBase"]
[SourceDate "2023.10.10"]
[SourceVersion "1"]
[SourceVersionDate "2023.10.10"]
[SourceQuality "1"]
[WhiteTeam "Hofheim"]
[BlackTeam "Heilbronn"]
[WhiteTeamCountry "GER"]
[BlackTeamCountry "GER"]

1. d4 d5 2. c4 c6 3. Nf3 Nf6 4. Nc3 e6 5. Bg5 h6 6. Bxf6 Qxf6 7. e3 g6 8. Bd3 Bg7 9. 0-0 0-0 10. Ne5 Qe7 11. f4 Nd7 12. Qe2 dxc4 13. Bxc4 c5 14. Bb3 b6 15. Rad1 cxd4 16. exd4 Nxe5 17. fxe5 Bb7 18. Ne4 Bxe4 19. Qxe4 Rad8 20. Rf3 Rd7 21. Ba4 Rdd8 22. Bb3 Rd7 23. h4 h5 24. Kh2 Kh7 25. Kh3 f5 26. exf6 Rxf6 27. Rxf6 Qxf6 28. Bxe6 Rxd4 29. Rxd4 Qxd4 1/2-1/2

[Event "Cappelle op 28th"]
[Site "Cappelle la Grande"]
[Date "2012.03.06"]
[Round "5"]
[White "Boric, Elena"]
[Black "Shneider, Aleksandr"]
[Result "0-1"]
[WhiteElo "2315"]
[BlackElo "2529"]
[PlyCount "46"]
[EventDate "2012.03.03"]
[EventType "swiss"]
[EventRounds "9"]
[EventCountry "FRA"]
[SourceTitle "CBM 147 Extra"]
[Source "ChessBase"]
[SourceDate "2012.04.24"]
[SourceVersion "1"]
[SourceVersionDate "2012.04.24"]
[SourceQuality "1"]

1. e4 c5 2. Nf3 d6 3. d4 cxd4 4. Qxd4 a6 5. Be3 Nc6 6. Qb6 Qxb6 7. Bxb6 Nf6 8. Nc3 Bg4 9. Be2 e6 10. 0-0-0 Rc8 11. Rhe1 Be7 12. Be3 0-0 13. Nd4 Bxe2 14. Rxe2 b5 15. Nxc6 Rxc6 16. a3 Rb8 17. f3 a5 18. g4 Nd7 19. Ba7 Rb7 20. Bd4 Ne5 21. h4 Nc4 22. a4 bxa4 23. Nxa4 e5 0-1

[Event "Cappelle op 28th"]
[Site "Cappelle la Grande"]
[Date "2012.03.05"]
[Round "4"]
[White "Shneider, Aleksandr"]
[Black "Dornbusch, Tatiana"]
[Result "1/2-1/2"]
[WhiteElo "2529"]
[BlackElo "2275"]
[PlyCount "45"]
[EventDate "2012.03.03"]
[EventType "swiss"]
[EventRounds "9"]
[EventCountry "FRA"]
[SourceTitle "CBM 147 Extra"]
[Source "ChessBase"]
[SourceDate "2012.04.24"]
[SourceVersion "1"]
[SourceVersionDate "2012.04.24"]
[SourceQuality "1"]

1. d4 Nf6 2. c4 c5 3. d5 b5 4. cxb5 a6 5. bxa6 g6 6. Nc3 Bxa6 7. Nf3 d6 8. e4 Bxf1 9. Kxf1 Bg7 10. g3 Nbd7 11. h3 0-0 12. Kg2 Qa5 13. Re1 Rfb8 14. Qc2 Nb6 15. Nd1 Qa6 16. Bd2 Na4 17. b3 Nd7 18. Nc3 Nab6 19. a4 Ne5 20. Nxe5 Bxe5 21. Ra2 Nd7 22. f4 Bg7 23. Ne2 1/2-1/2

[Event "Cappelle op 27th"]
[Site "Cappelle la Grande"]
[Date "2011.03.01"]
[Round "5"]
[White "Shneider, Aleksandr"]
[Black "Kryvoruchko, Yuriy"]
[Result "1/2-1/2"]
[WhiteElo "2518"]
[BlackElo "2640"]
[PlyCount "67"]
[EventDate "2011.02.26"]
[EventType "swiss"]
[EventRounds "9"]
[EventCountry "FRA"]
[SourceTitle "CBM 141 Extra"]
[Source "ChessBase"]
[SourceDate "2011.05.03"]
[SourceVersion "1"]
[SourceVersionDate "2011.05.03"]
[SourceQuality "1"]

1. d4 Nf6 2. c4 e6 3. Nf3 c5 4. d5 b5 5. dxe6 fxe6 6. cxb5 d5 7. g3 Bd6 8. Bg2 a6 9. bxa6 0-0 10. 0-0 Bxa6 11. Bg5 Nbd7 12. Nc3 h6 13. Bxf6 Nxf6 14. Qc2 Qe7 15. Rfe1 d4 16. Ne4 Nxe4 17. Qxe4 Bb7 18. Qc2 Qf7 19. Rf1 e5 20. b3 Qd5 21. Qc4 Qxc4 22. bxc4 Ra6 23. Nd2 Bxg2 24. Kxg2 Rfa8 25. Ne4 Bf8 26. Rfd1 Ra4 27. Rdc1 Rxa2 28. Rxa2 Rxa2 29. Kf3 Kf7 30. g4 Be7 31. Ng3 g6 32. Ne4 Ra3+ 33. Kg2 Ra2 34. Kf3 1/2-1/2

[Event "Cappelle op 27th"]
[Site "Cappelle la Grande"]
[Date "2011.02.28"]
[Round "4"]
[White "Zherebukh, Yaroslav"]
[Black "Shneider, Aleksandr"]
[Result "0-1"]
[WhiteElo "2565"]
[BlackElo "2518"]
[PlyCount "52"]
[EventDate "2011.02.26"]
[EventType "swiss"]
[EventRounds "9"]
[EventCountry "FRA"]
[SourceTitle "CBM 141 Extra"]
[Source "ChessBase"]
[SourceDate "2011.05.03"]
[SourceVersion "1"]
[SourceVersionDate "2011.05.03"]
[SourceQuality "1"]

1. b3 c5 2. Bb2 d5 3. e3 Nf6 4. Nf3 e6 5. d4 Nc6 6. Bd3 Bd6 7. 0-0 0-0 8. a3 Qe7 9. Ne5 Nd7 10. f4 f6 11. Qh5 f5 12. Nd2 Nf6 13. Qe2 Bd7 14. c4 b6 15. cxd5 exd5 16. Nxc6 Bxc6 17. Bxf5 Rae8 18. Rf3 cxd4 19. Bxd4 Bxa3 20. Rh3 g6 21. Bxg6 hxg6 22. Rg3 Bc5 23. Rxg6+ Kh7 24. Qd3 Qxe3+ 25. Bxe3 Rxe3 26. Rxa7+ Bd7 0-1

[Event "Cappelle op 27th"]
[Site "Cappelle la Grande"]
[Date "2011.02.26"]
[Round "1"]
[White "Shneider, Aleksandr"]
[Black "Duijker, Rick"]
[Result "1-0"]
[WhiteElo "2518"]
[BlackElo "2295"]
[PlyCount "149"]
[EventDate "2011.02.26"]
[EventType "swiss"]
[EventRounds "9"]
[EventCountry "FRA"]
[SourceTitle "CBM 141 Extra"]
[Source "ChessBase"]
[SourceDate "2011.05.03"]
[SourceVersion "1"]
[SourceVersionDate "2011.05.03"]
[SourceQuality "1"]

1. d4 Nf6 2. c4 e6 3. Nf3 Bb4+ 4. Bd2 Qe7 5. g3 0-0 6. Bg2 Nc6 7. 0-0 Bxd2 8. Qxd2 d6 9. Nc3 e5 10. Nd5 Nxd5 11. cxd5 Nxd4 12. Nxd4 exd4 13. Rfc1 Bf5 14. Rc4 Be4 15. Rxd4 Bxg2 16. Kxg2 Rae8 17. e3 f5 18. Rc1 Rf7 19. Rdc4 Qd8 20. Qc3 Ree7 21. Qb3 b6 22. Qd3 a5 23. a3 g6 24. h4 h5 25. Rc6 Qf8 26. R1c4 Qg7 27. Rd4 Kh7 28. Qc2 Qe5 29. Kh2 Kh6 30. b4 axb4 31. axb4 Qf6 32. Rdc4 Qg7 33. b5 Kh7 34. Ra4 Qe5 35. Ra7 Qg7 36. Qc1 Kg8 37. Ra8+ Rf8 38. Ra4 Kh7 39. Ra7 Rff7 40. Ra8 Qe5 41. Qc4 Qb2 42. Kg2 Qe5 43. Rc8 Kh6 44. Qf4+ Qxf4 45. gxf4 Kg7 46. Kf3 Kf6 47. Ke2 Kg7 48. f3 Kf6 49. Kd3 Kg7 50. Kd4 Kh6 51. Rc2 Kg7 52. Rc1 Rd7 53. Ra1 Rf8 54. Rxf8 Kxf8 55. Ra8+ Kg7 56. e4 fxe4 57. fxe4 Rf7 58. Rc8 Kh6 59. Ke3 Re7 60. Rh8+ Kg7 61. Ra8 Kh7 62. Ra7 Kh6 63. e5 dxe5 64. d6 exf4+ 65. Kxf4 Re1 66. dxc7 Rc1 67. Rb7 Rc5 68. Ke4 Rc1 69. Kd5 Rc2 70. Kd6 g5 71. Rxb6 gxh4 72. Rc6 Rd2+ 73. Ke5+ Kg5 74. c8Q Rd3 75. Qg8# 1-0

[Event "Leros Artemis Cup 1st"]
[Site "Leros"]
[Date "2009.07.14"]
[Round "4"]
[White "Estremera Panos, Sergio"]
[Black "Shneider, Aleksandr"]
[Result "1/2-1/2"]
[WhiteElo "2394"]
[BlackElo "2539"]
[PlyCount "42"]
[EventDate "2009.07.11"]
[EventType "swiss"]
[EventRounds "9"]
[EventCountry "GRE"]
[SourceTitle "CBM 131 Extra"]
[Source "ChessBase"]
[SourceDate "2009.09.03"]
[SourceVersion "2"]
[SourceVersionDate "2009.09.16"]
[SourceQuality "1"]

1. d4 Nf6 2. c4 e6 3. Nf3 b6 4. g3 Ba6 5. Qc2 Bb4+ 6. Bd2 Be7 7. Bg2 c6 8. c5 0-0 9. Na3 Ne8 10. Ne5 f6 11. Nd3 Bxd3 12. Qxd3 bxc5 13. dxc5 Bxc5 14. Rc1 Be7 15. Nc4 a5 16. e4 d5 17. Ne3 Ra6 18. 0-0 Nd6 19. Rfd1 f5 20. exf5 Nxf5 21. Bc3 Kh8 1/2-1/2

[Event "Leros Artemis Cup 1st"]
[Site "Leros"]
[Date "2009.07.13"]
[Round "3"]
[White "Shneider, Aleksandr"]
[Black "Andersen, Lars Even"]
[Result "1-0"]
[WhiteElo "2539"]
[BlackElo "2222"]
[PlyCount "116"]
[EventDate "2009.07.11"]
[EventType "swiss"]
[EventRounds "9"]
[EventCountry "GRE"]
[SourceTitle "CBM 131 Extra"]
[Source "ChessBase"]
[SourceDate "2009.09.03"]
[SourceVersion "2"]
[SourceVersionDate "2009.09.16"]
[SourceQuality "1"]

1. d4 Nf6 2. c4 Nc6 3. Nf3 e6 4. g3 Bb4+ 5. Bd2 Qe7 6. Nc3 0-0 7. Bg2 Bxc3 8. Bxc3 Ne4 9. Rc1 d6 10. d5 Nxc3 11. Rxc3 Nb8 12. dxe6 fxe6 13. c5 d5 14. 0-0 c6 15. e4 Nd7 16. b4 Qf6 17. Re3 a5 18. a3 axb4 19. axb4 Qb2 20. Rb3 Qf6 21. Re1 Qf7 22. e5 b6 23. cxb6 Nxb6 24. Qc2 Nc4 25. Ng5 Qf5 26. Qxf5 Rxf5 27. f4 Rf8 28. Nf3 Bd7 29. Nd4 g6 30. Bf1 Rfb8 31. Rc1 Nd2 32. Rb2 Nxf1 33. Kxf1 Ra6 34. Rc5 Kf7 35. Ke2 Rab6 36. Nc2 Rb5 37. Rxb5 Rxb5 38. Nd4 Rb7 39. Rb3 Ra7 40. Ke3 Ke7 41. Rc3 Ra6 42. g4 Rb6 43. Nc2 Be8 44. Ra3 Bd7 45. Kd4 Rb5 46. Rh3 c5+ 47. bxc5 Rb2 48. Rxh7+ Kd8 49. Kd3 Rb3+ 50. Kd2 Rb2 51. Kc3 Rb5 52. Nd4 Rxc5+ 53. Kd3 Ra5 54. f5 gxf5 55. gxf5 Ra3+ 56. Kd2 Ra2+ 57. Kc1 Ra1+ 58. Kb2 Ra4 1-0

[Event "Cappelle op 25th"]
[Site "Cappelle la Grande"]
[Date "2009.03.06"]
[Round "8"]
[White "Pruess, David"]
[Black "Shneider, Aleksandr"]
[Result "0-1"]
[WhiteElo "2422"]
[BlackElo "2539"]
[PlyCount "58"]
[EventDate "2009.02.28"]
[EventType "swiss"]
[EventRounds "9"]
[EventCountry "FRA"]
[SourceTitle "CBM 129 Extra"]
[Source "ChessBase"]
[SourceDate "2009.05.05"]
[SourceVersion "2"]
[SourceVersionDate "2009.05.20"]
[SourceQuality "1"]

1. e4 c5 2. Nf3 e6 3. d4 cxd4 4. Nxd4 Nc6 5. Nc3 Qc7 6. Be3 a6 7. Qd2 Nf6 8. f3 b5 9. 0-0-0 Ne5 10. g4 h6 11. Kb1 b4 12. Na4 d5 13. Bf4 Bb7 14. Bg3 Bd6 15. g5 hxg5 16. Qxg5 0-0-0 17. Qe3 dxe4 18. Nb3 Nc6 19. Nb6+ Kb8 20. Be2 Bxg3 21. hxg3 Rxh1 22. Rxh1 Nd4 23. Nxd4 Qxb6 24. Rd1 exf3 25. Nc6+ Qxc6 26. Rxd8+ Kc7 27. Rf8 fxe2 28. Qe5+ Kd7 29. Rh8 Qe4 0-1

[Event "Dimitrovgrad-ch"]
[Site "Dimitrovgrad"]
[Date "2009.??.??"]
[Round "5"]
[White "Shneider, Aleksandr"]
[Black "Goryachkin, Alexander"]
[Result "1-0"]
[WhiteElo "2535"]
[BlackElo "1936"]
[PlyCount "69"]
[EventDate "2009.08.??"]
[EventType "swiss"]
[EventRounds "9"]
[EventCountry "RUS"]
[SourceTitle "EXT 2012"]
[Source "ChessBase"]
[SourceDate "2011.11.24"]
[SourceVersion "1"]
[SourceVersionDate "2011.11.24"]
[SourceQuality "1"]

1. e4 c5 2. Nf3 Nc6 3. d4 cxd4 4. c3 dxc3 5. Nxc3 e6 6. Bc4 a6 7. 0-0 Qc7 8. Qe2 Nf6 9. Rd1 Ng4 10. h3 Nge5 11. Nxe5 Nxe5 12. Bb3 d6 13. Be3 Be7 14. Rac1 Nc6 15. Qg4 0-0 16. Bh6 Bf6 17. Qg3 Rd8 18. f4 b5 19. f5 b4 20. Bxg7 Bh4 21. Qxh4 Kxg7 22. Qg5+ Kh8 23. Qf6+ Kg8 24. Rd3 d5 25. Ne2 Qe5 26. Qg5+ Kh8 27. Rxc6 Rg8 28. Qf4 Qxb2 29. Rd2 Qg7 30. g4 dxe4 31. Rc7 e3 32. Qxe3 exf5 33. Rxf7 Qa1+ 34. Rd1 Qb2 35. Qh6 1-0

[Event "Aegean op 31st"]
[Site "Aghios Kirykos"]
[Date "2008.07.18"]
[Round "7"]
[White "Shneider, Aleksandr"]
[Black "Zakurdjaeva, Irina"]
[Result "1-0"]
[WhiteElo "2537"]
[BlackElo "2308"]
[PlyCount "189"]
[EventDate "2008.07.12"]
[EventType "swiss"]
[EventRounds "9"]
[EventCountry "GRE"]
[SourceTitle "CBM 125 Extra"]
[Source "ChessBase"]
[SourceDate "2008.09.01"]
[SourceVersion "1"]
[SourceVersionDate "2008.09.01"]
[SourceQuality "1"]

1. d4 Nf6 2. c4 g6 3. Nc3 Bg7 4. e4 d6 5. Be2 0-0 6. Nf3 e5 7. 0-0 Nc6 8. d5 Ne7 9. b4 Nh5 10. g3 f5 11. Ng5 Nf6 12. Bf3 h6 13. Ne6 Bxe6 14. dxe6 fxe4 15. Nxe4 Nxe4 16. Bxe4 c6 17. Be3 d5 18. cxd5 cxd5 19. Bg2 Kh7 20. Bc5 e4 21. Rc1 Rf6 22. Bxe7 Qxe7 23. Qxd5 Rxe6 24. Rc7 Qxc7 25. Qxe6 Rf8 26. Bxe4 Rf6 27. Qg4 Bf8 28. h4 Kg7 29. h5 g5 30. Rd1 Rd6 31. Rxd6 Qxd6 32. Qf5 Qb6 33. a3 Qd6 34. Bxb7 Be7 35. Be4 Qd1+ 36. Kg2 Qd6 37. Qh7+ Kf8 38. Bg6 Qd5+ 39. Kh2 Bf6 40. Be4 Qd4 41. Kg2 Bg7 42. Qf5+ Ke7 43. Bd5 Qe5 44. Qf7+ Kd6 45. Bf3 Qd4 46. Qf5 Qe5 47. Qc8 Qd4 48. Qb7 Bf6 49. Qc6+ Ke7 50. Bd5 Qb6 51. Qc2 Qd6 52. Qh7+ Kd8 53. Qg8+ Kc7 54. Qh7+ Kd8 55. Qe4 Qe5 56. Qc4 Qd4 57. Qc6 Qb6 58. Qa8+ Ke7 59. Qg8 Bd4 60. Qf7+ Kd8 61. Be4 Qf6 62. Qd5+ Ke7 63. Bf3 Bb6 64. Qe4+ Kf8 65. Qc2 Qd4 66. Qf5+ Ke7 67. Bd5 Qf6 68. Qc2 Qd4 69. Bb7 Qd7 70. Ba8 Qd4 71. a4 Qxb4 72. Qh7+ Kd8 73. Qxh6 Qe7 74. Qh8+ Kc7 75. Qc3+ Kb8 76. Bf3 Qc5 77. Qb2 Qd4 78. Qe2 Qf6 79. Qc2 Bd4 80. Qe4 Kc7 81. h6 Qe5 82. Qb7+ Kd8 83. h7 Qg7 84. Qd5+ Ke7 85. Bg4 Qf6 86. Qd7+ Kf8 87. Bf3 Qg7 88. Qd8+ Kf7 89. Bd5+ Kg6 90. Be4+ Kf7 91. Qd5+ Ke7 92. Bf5 Qf6 93. Qd7+ Kf8 94. Kh3 g4+ 95. Kxg4 1-0

[Event "Aegean op 31st"]
[Site "Aghios Kirykos"]
[Date "2008.07.17"]
[Round "6"]
[White "Shneider, Aleksandr"]
[Black "Lubczynski, Rafal"]
[Result "1/2-1/2"]
[WhiteElo "2537"]
[BlackElo "2414"]
[PlyCount "31"]
[EventDate "2008.07.12"]
[EventType "swiss"]
[EventRounds "9"]
[EventCountry "GRE"]
[SourceTitle "CBM 125 Extra"]
[Source "ChessBase"]
[SourceDate "2008.09.01"]
[SourceVersion "1"]
[SourceVersionDate "2008.09.01"]
[SourceQuality "1"]

1. Nf3 Nf6 2. c4 c5 3. Nc3 Nc6 4. d4 cxd4 5. Nxd4 g6 6. g3 d6 7. Bg2 Bd7 8. Nc2 Bg7 9. 0-0 Qc8 10. Bg5 h6 11. Bf4 Bh3 12. Nd5 Nxd5 13. cxd5 Bxg2 14. Kxg2 Ne5 15. Rc1 0-0 16. Nd4 1/2-1/2

[Event "Cappelle op 24th"]
[Site "Cappelle la Grande"]
[Date "2008.02.21"]
[Round "7"]
[White "Shneider, Aleksandr"]
[Black "Kotronias, Vasilios"]
[Result "0-1"]
[WhiteElo "2532"]
[BlackElo "2628"]
[PlyCount "93"]
[EventDate "2008.02.16"]
[EventType "swiss"]
[EventRounds "9"]
[EventCountry "FRA"]
[SourceTitle "CBM 122 Extra"]
[Source "ChessBase"]
[SourceDate "2008.03.04"]
[SourceVersion "1"]
[SourceVersionDate "2008.03.04"]
[SourceQuality "1"]

1. d4 Nf6 2. c4 g6 3. Nc3 Bg7 4. e4 d6 5. Be2 0-0 6. Nf3 e5 7. Be3 Nbd7 8. 0-0 Re8 9. d5 Nh5 10. g3 Bf8 11. Ne1 Ng7 12. Nd3 Be7 13. Qd2 f5 14. f3 Nf6 15. c5 h5 16. cxd6 cxd6 17. exf5 Nxf5 18. Nf2 Kg7 19. Bd3 Bd7 20. Bxf5 gxf5 21. f4 e4 22. Bd4 Kg6 23. Nfd1 Rg8 24. Ne3 Kf7 25. Kh1 b5 26. b4 h4 27. gxh4 a5 28. Ne2 Nh5 29. Ng1 Bf6 30. Bxf6 Qxf6 31. Ng2 axb4 32. Nh3 Qc3 33. Ng5+ Ke7 34. Qe2 Nf6 35. Ne3 b3 36. Rac1 Rxa2 37. Qxa2 Qxe3 38. Qb2 Rh8 39. Rc3 Qd4 40. Qxb3 Qxd5 41. Qc2 b4 42. Rg3 Bc6 43. h3 Ra8 44. Rd1 Ra2 45. Qc1 Qc5 46. Re3 Qd5 47. Rg3 0-1

[Event "Cappelle op 24th"]
[Site "Cappelle la Grande"]
[Date "2008.02.18"]
[Round "3"]
[White "Shneider, Aleksandr"]
[Black "Paulet, Iozefina"]
[Result "1-0"]
[WhiteElo "2532"]
[BlackElo "2285"]
[PlyCount "57"]
[EventDate "2008.02.16"]
[EventType "swiss"]
[EventRounds "9"]
[EventCountry "FRA"]
[SourceTitle "CBM 122 Extra"]
[Source "ChessBase"]
[SourceDate "2008.03.04"]
[SourceVersion "1"]
[SourceVersionDate "2008.03.04"]
[SourceQuality "1"]

1. d4 Nf6 2. c4 e6 3. Nf3 Bb4+ 4. Bd2 Qe7 5. g3 Nc6 6. Nc3 Bxc3 7. Bxc3 Ne4 8. Rc1 d6 9. Bg2 Nxc3 10. Rxc3 0-0 11. d5 Nb8 12. dxe6 fxe6 13. 0-0 a5 14. c5 dxc5 15. Ne5 Nd7 16. Nxd7 Bxd7 17. Qc2 c6 18. Be4 h6 19. Rxc5 a4 20. a3 e5 21. Qc3 Rae8 22. Bg6 Rd8 23. Rxe5 Qd6 24. Bd3 Bh3 25. Qc4+ Kh8 26. Qe4 Kg8 27. Rd1 Qb8 28. Qh7+ Kf7 29. Qg6+ 1-0

[Event "Corfu"]
[Site "Corfu"]
[Date "2007.10.04"]
[Round "4"]
[White "Shneider, Aleksandr"]
[Black "Bronznik, Valerij"]
[Result "1-0"]
[WhiteElo "2543"]
[BlackElo "2382"]
[PlyCount "39"]
[EventDate "2007.10.01"]
[EventType "tourn"]
[EventRounds "9"]
[EventCountry "GRE"]
[EventCategory "7"]
[SourceTitle "CBM 120 Extra"]
[Source "ChessBase"]
[SourceDate "2007.11.01"]
[SourceVersion "1"]
[SourceVersionDate "2007.11.01"]
[SourceQuality "1"]

1. d4 d5 2. Nf3 Nc6 3. g3 Bg4 4. Bg2 e6 5. 0-0 Bd6 6. c4 Nf6 7. cxd5 Nxd5 8. e4 Nb6 9. b3 0-0 10. Bb2 f5 11. h3 Bh5 12. Nbd2 Be7 13. a3 a5 14. Qc2 Kh8 15. Rfe1 Bf6 16. Qc3 fxe4 17. Rxe4 Nd5 18. Qc4 Nb6 19. Qc5 Be7 20. Qc1 1-0

[Event "Aegean op 30th"]
[Site "Aghios Kirykos"]
[Date "2007.07.13"]
[Round "8"]
[White "Shneider, Aleksandr"]
[Black "Managadze, Nikoloz"]
[Result "1/2-1/2"]
[WhiteElo "2537"]
[BlackElo "2433"]
[PlyCount "33"]
[EventDate "2007.07.07"]
[EventType "swiss"]
[EventRounds "9"]
[EventCountry "GRE"]
[SourceTitle "EXT 2024"]
[Source "ChessBase"]
[SourceDate "2023.10.10"]
[SourceVersion "1"]
[SourceVersionDate "2023.10.10"]
[SourceQuality "1"]

1. d4 d6 2. Nf3 g6 3. c4 Bg7 4. Nc3 c6 5. e4 Bg4 6. Be2 Nd7 7. 0-0 Bxf3 8. Bxf3 e5 9. d5 c5 10. Nb5 Qb8 11. Bg4 Ngf6 12. Nc3 Nxg4 13. Qxg4 h5 14. Qf3 a6 15. Rb1 Qc7 16. b4 b6 17. bxc5 1/2-1/2

[Event "Tarragona op 7th"]
[Site "Tarragona"]
[Date "2006.08.22"]
[Round "4"]
[White "Shneider, Aleksandr"]
[Black "Carlsson, Pontus"]
[Result "1/2-1/2"]
[WhiteElo "2535"]
[BlackElo "2453"]
[PlyCount "44"]
[EventDate "2006.08.19"]
[EventType "swiss"]
[EventRounds "9"]
[EventCountry "ESP"]
[SourceTitle "EXT 2007"]
[Source "ChessBase"]
[SourceDate "2006.11.23"]
[SourceVersion "1"]
[SourceVersionDate "2006.11.23"]
[SourceQuality "1"]

1. d4 e6 2. c4 Nf6 3. Nf3 b6 4. g3 Ba6 5. b3 Bb4+ 6. Bd2 Be7 7. Bg2 c6 8. Bc3 d5 9. Ne5 Nfd7 10. Nxd7 Nxd7 11. Nd2 0-0 12. 0-0 Rb8 13. e4 b5 14. Re1 dxc4 15. bxc4 bxc4 16. Qc2 Re8 17. Rad1 Qc8 18. Bf1 Nb6 19. a4 c5 20. a5 cxd4 21. Bxd4 Nd7 22. Nxc4 Bb4 1/2-1/2